Vista normal
Vista MARC
- Unell, Barbara C.,
Entrada Nombre Personal
Número de registros utilizados en: 3
001 - NUMERO DE CONTROL
- campo de control: 42399
003 - IDENTIFICADOR DE NUMERO DE CONTROL
- campo de control: UPN
005 - FECHA Y HORA DE LA ÜLTIMA TRANSACCIÓN
- campo de control: 20210219194619.0
008 - DATOS DE LONGITUD FIJA
- campo de control de longitud fija: nabaccnnaabn|||||||||| b |nc|||||d
035 ## - NUMERO DE CONTROL
- Número de control: UPN11000014506
040 ## - FUENTE DE CATALOGACIÓN
- Lenguaje de catalogación: SPA
- Agencia de transcripción: UPN
100 1# - ENCABEZAMIENTO - NOMBRE PERSONAL
- Nombre personal: Unell, Barbara C.,
- Fechas asociadas con el nombre: 1951-
670 ## - FUENTE EN LA QUE SE LOCALIZARON DATOS
- Cita de la fuente: LC
902 ## - CATALOGADOR
- Catalogador: EMR/140319